Large-scale distributed systems and energy efficiency : (Record no. 355703)

000 -LEADER
fixed length control field 02003cam a2200361 i 4500
001 - CONTROL NUMBER
control field 18222060
003 - CONTROL NUMBER IDENTIFIER
control field Nust- CAS-E
005 - DATE AND TIME OF LATEST TRANSACTION
control field 20180118181410.0
008 - FIXED-LENGTH DATA ELEMENTS--GENERAL INFORMATION
fixed length control field 140711s2015 njua b 001 0 eng
010 ## - LIBRARY OF CONGRESS CONTROL NUMBER
LC control number 2014025598
020 ## - INTERNATIONAL STANDARD BOOK NUMBER
International Standard Book Number 9781118864630 (hardback)
020 ## - INTERNATIONAL STANDARD BOOK NUMBER
Canceled/invalid ISBN 9781118981115 (ePub)
040 ## - CATALOGING SOURCE
Original cataloging agency DLC
Language of cataloging eng
Transcribing agency DLC
Description conventions rda
Modifying agency DLC
042 ## - AUTHENTICATION CODE
Authentication code pcc
050 00 - LIBRARY OF CONGRESS CALL NUMBER
Classification number TJ163.5.D38
Item number P54 2015
082 00 - DEWEY DECIMAL CLASSIFICATION NUMBER
Classification number 621.39
Edition number 23
Author Mark LAR 2015
084 ## - OTHER CLASSIFICATION NUMBER
Classification number COM051220
Number source bisacsh
100 1# - MAIN ENTRY--PERSONAL NAME
Personal name Pierson, Jean-Marc.
245 10 - TITLE STATEMENT
Title Large-scale distributed systems and energy efficiency :
Remainder of title a holistic view /
Statement of responsibility, etc. edited by Jean-Marc Pierson.
300 ## - PHYSICAL DESCRIPTION
Extent xvii, 312 pages :
Other physical details illustrations ;
Dimensions 25 cm.
490 0# - SERIES STATEMENT
Series statement Wiley series on parallel and distributed computing
502 ## - DISSERTATION NOTE
Dissertation note 0
504 ## - BIBLIOGRAPHY, ETC. NOTE
Bibliography, etc. note Includes bibliographical references and indexes.
520 ## - SUMMARY, ETC.
Summary, etc. "This book discusses energy efficiency in large-scale systems. It provides an overview of current energy-reducing technologies and the energy consumption method, addressing topics such as cloud computing, high-performance computing, networks and more. The book begins with an introduction to energy demands in ICT. It then covers topics like green wired/wireless networks, mobile computing, power modeling, green data centers and high-performance computing, resource allocation and energy efficiency in P2P systems"--
650 #0 - SUBJECT ADDED ENTRY--TOPICAL TERM
Topical term or geographic name entry element Data processing service centers
General subdivision Energy conservation.
650 #0 - SUBJECT ADDED ENTRY--TOPICAL TERM
Topical term or geographic name entry element Electronic data processing
General subdivision Distributed processing
-- Energy conservation.
650 #0 - SUBJECT ADDED ENTRY--TOPICAL TERM
Topical term or geographic name entry element Computer networks
General subdivision Energy conservation.
650 #7 - SUBJECT ADDED ENTRY--TOPICAL TERM
Topical term or geographic name entry element COMPUTERS / Programming / Parallel.
Source of heading or term bisacsh
776 08 - ADDITIONAL PHYSICAL FORM ENTRY
Relationship information Online version:
Main entry heading Pierson, Jean-Marc.
Title Large-scale distributed systems and energy efficiency
Place, publisher, and date of publication Hoboken, NJ : John Wiley & Sons Inc., 2015
International Standard Book Number 9781118959121
Record control number (DLC) 2014028276
906 ## - LOCAL DATA ELEMENT F, LDF (RLIN)
a 7
b cbc
c orignew
d 1
e ecip
f 20
g y-gencatlg
942 ## - ADDED ENTRY ELEMENTS (KOHA)
Source of classification or shelving scheme
Koha item type Book
Holdings
Withdrawn status Lost status Source of classification or shelving scheme Damaged status Not for loan Collection code Permanent Location Current Location Shelving location Date acquired Source of acquisition Cost, normal purchase price Total Checkouts Full call number Barcode Date last seen Price effective from Koha item type
            US-Pakistan Center for Advanced Studies in Energy (USPCAS-E) US-Pakistan Center for Advanced Studies in Energy (USPCAS-E)   12/01/2015 Victoria Co. 8500.00   621.39 LAR 2015 CAS-E0000790 12/01/2015 12/01/2015 Book
© 2023 Central Library, National University of Sciences and Technology. All Rights Reserved.